| 000 | 00000nam##2200000za#4500 |
| 001 | 9.679828 |
| 003 | CaOODSP |
| 005 | 20220107134006 |
| 007 | ta |
| 008 | 150407|1995||||xxc||||| f|0| 0 fre|d |
| 020 | |a0-662-81358-8 |
| 040 | |aCaOODSP|bfre |
| 043 | |an-cn--- |
| 086 | 1 |aH72-21/146-1996F |
| 110 | 2 |aCentre national d'information sur la violence dans la famille (Canada) |
| 245 | 10|aProfil des délinquants / |cPublié par le Comité sur la prévention et les enfants, Conseil national de prévention du crime, Canada. |
| 260 | |aOttawa - Ontario : |bSanté Canada. |c1995. |
| 300 | |a12p. : |bréférences ; |c28 cm. |
| 500 | |a«Une étude nationale des dossiers de violence familiale chez les détenus purgeant une peine fédérale, dirigée par Service correctionnel Canada, a établi un échantillonnage aléatoire de 935 dossiers d'hommes admis dans des établissements fédéraux entre juin et novembre 1992.»--Page 1. |
| 520 | 3 |aUne étude nationale des dossiers de violence familiale chez les détenus purgeant une peine fédérale, dirigée par Service correctionnel Canada, a établi un échantillonnage aléatoire de 935 dossiers d'hommes admis dans des établissements fédéraux entre juin et novembre 1992.--Page 1 |
| 563 | |aCouverture souple |
| 590 | |a96-36|b1996-09-06 |
| 691 | 07|aViolence familiale|2gcpds |
| 775 | 08|tOffender profiles / |w(CaOODSP)9.646262 |